O senhor Ventura (Registo nº 12976)

Detalhes MARC
000 -Etiqueta do registo
campo de controlo de comprimento fixo 006690000a22002170004500
001 - Identificador do registo
Campo de controlo 12976
010 ## - ISBN
Número (ISBN) 972-20-1404-8
100 ## - Dados Gerais de Proc.
Dados gerais de processamento 20041108d2000 k y0pory5003 ba
101 0# - Língua da publicação
Língua do texto, banda sonora, etc. Português
102 ## - País de Publicação
País de publicação Portugal
200 1# - Título
Título próprio O senhor Ventura
Primeira menção de responsabilidade Miguel Torga
205 ## - Menção da edição
Menção da edição 4ª. ed
210 ## - Publicação, Distribuição
Lugar da edição, distribuição, etc. Lisboa
Nome do editor, distribuidor, etc. Dom Quixote
Data da publicação, distribuição, etc. 2000
215 ## - Descrição física
Descrição física 115 p
225 2# - Colecção
Título próprio da colecção Autores de língua portuguesa
Nome de uma parte ou secção Obras de Miguel Torga
314 ## - Responsabilidade Intelectual
Texto da nota Miguel Torga é pseudónimo de Adolfo Correia da Rocha.
675 ## - CDU
Notação 821.134.3-32"19"
Edição BN
Língua da edição Português
700 #1 - Responsabilidade principal
Palavra de ordem Torga
Outra parte do nome Miguel
Elementos de identificação ou distinção pseud.
090 ## - Números de controlo do sistema (Koha)
Número biblioitem do Koha (gerado automaticamente) 12976
942 ## - Elementos de entrada adicionados (Koha)
Tipo de item no Koha Monografias
Suprimido Disponível no OPAC
999 ## - Campo local
Campo local 12976
-- Bibliobase - BMTAV
-- 2019-01-21
Exemplares
Removido (estado) Perdido (estado) Data de aquisição Origem do registo (biblioteca) (codificado) Código da organização que empresta ou é detentora (biblioteca) Código de barras Local Número de inventário Cota Data de empréstimo ou depósito Tipo de circulação (não pode ser emprestado) Tipo de item e material
Disponível Disponível 2004-11-08 Biblioteca Municipal Álvaro de Campos Biblioteca Municipal Álvaro de Campos BMTAV28295 Sala de Adultos 28295 R3 TOR 2025-11-08 Normal Monografias